History Quiz

Random History or Alphabet Quiz

Letters Minefield: US Presidents Quiz Stats

 Plays Quiz Updated Nov 10, 2015

Challenge
Share
Tweet
Embed
Score 0/18 Timer 01:00
7 Plays Today
% Correct
???
90.9%
???
88.8%
???
87.7%
???
78.8%
???
78.5%
???
78%
???
77.5%
???
76.8%
???
74.5%
% Correct
???
72.9%
???
71.7%
???
70.1%
???
69%
???
66%
???
65.1%
???
63.7%
???
61.1%
???
42.8%

You're not logged in!

Compare scores with friends on all Sporcle quizzes.
Join for Free
OR
Log In

Show Comments

Extras

Top Quizzes Today


Score Distribution

Your Account Isn't Verified!

In order to create a playlist on Sporcle, you need to verify the email address you used during registration. Go to your Sporcle Settings to finish the process.

Report this User

Report this user for behavior that violates our Community Guidelines.

Details: